000
00204 a2200097 4500
001
1828
100
_a
Milwaved, G.E.
245
_a
Application of O and M
260
_a
_b
Evans Ltd
_c
090
_c
1334
_d
1334
942
_a
NUST-CAE
_c
M
_c
3714
999
_c
236901
_d
236901